Taller de frutas y hortalizas

Uloženo v:
Podrobná bibliografie
Korporativní autor: Secretaría de Educación Pública (Autor)
Médium: Kniha
Jazyk:španělština
Vydáno: Cuernavaca Secretaría de Educación Pública 1981
Cuernavaca Trillas 1981
Vydání:1a. ed
Edice:Manuales para Educación Agropecuaria. Area Industrias Rurales, 24
Témata:
Tagy: Přidat tag
Žádné tagy, Buďte první, kdo vytvoří štítek k tomuto záznamu!

MARC

LEADER 00000cam a2200000 a 4500
001 UCC1964
003 CL-VaPUC
008 171214e19810000mx |||||||||||||||||spa|d
020 |a 9682411033 
082 0 4 |a 631.5  |b SEC  |2 21 
110 2 |a Secretaría de Educación Pública  |e author  |9 596078 
245 1 0 |a Taller de frutas y hortalizas 
250 |a 1a. ed 
300 |a 84 p 
942 |c BK 
945 |d 20171214 17:05:00  |a dcastane 
260 |a Cuernavaca  |b Secretaría de Educación Pública  |c 1981 
260 |a Cuernavaca  |b Trillas  |c 1981 
650 0 |a Hortalizas  |9 259501 
650 0 |a Frutas  |9 259500 
650 0 |a Cultivo de hortalizas  |9 338094 
583 |a last modification  |c 20171214 17:05:00  |k Rodrigo Vera 
490 0 |a Manuales para Educación Agropecuaria. Area Industrias Rurales, 24 
999 |c 370288  |d 370286 
952 |0 0  |1 0  |3 erb  |4 0  |6 631_500000000000000_SEC_1981_1981  |7 0  |8 A  |9 486673  |a BIBALI  |b BIBALI  |c GEN  |i 5442850  |o 631.5 SEC 1981 1981  |p 5442850  |r 2025-01-20  |w 2019-11-24  |y BK  |z Catalogado en:20171214  |k ALI